000 00799nam a2200241 a 4500
005 20210219160214.0
008 080925s2000 mx r 000 0 spa d
020 _a9682922534
035 _aUPN01000160885
049 _aUNE
080 _a027.3/.4 (72) "1988" QUI No.3.
100 1 _aQuintana Pali, Guadalupe
245 1 4 _aLas Bibliotecas públicas en México: 1910-1940/ por Guadalupe Quintana Pali.
260 _aMéxico : SEP, 1988
300 _a486 p.; 23 cm. il.
440 0 _aHistoria de las bibliotecas en México
690 _aBilbliotecas- Mexico
690 _aBibliotecas publicas- Mexico
700 1 _aGil Villegas, Cristina, coaut
700 2 _aTolosa Sánchez, Guadalupe, coaut.
710 2 _aMéxico. Secretaría de Educación Pública. Dirección
905 _aUNESCO
999 _c132998
_d132998